| 000 | 00000nam##2200000za#4500 |
| 001 | 9.624013 |
| 003 | CaOODSP |
| 005 | 20250509081831 |
| 007 | ta |
| 008 | 150406|1995||||xxc||||| f|0| 0 fre|d |
| 020 | |a0-660-92549-4 |
| 040 | |aCaOODSP|bfre |
| 043 | |an-cn--- |
| 086 | 1 |aM40-49/8F |
| 110 | 2 |aCommission géologique du Canada. |
| 245 | 10|aGéologie des types de gîtes minéraux du Canada / |cPréparé sous la direction de O. R. Eckstrand et al. |
| 260 | |aOttawa - Ontario : |bRessources naturelles Canada. |c1995. |
| 300 | |a9 vols. 706p. : |bfigures (certaines en couleur), cartes, références ; |c29 cm. + |e1 carte pliée. |
| 490 | 1 |aGéologie du Canada|v8 |
| 500 | |a«L'objectif du présent volume consiste à définir et à résumer de manière succincte et systématique les caractéristiques essentielles de tous les types de gîtes minéraux d'importance économique au Canada.»--Introduction. |
| 520 | 3 |aPréparé sous la direction de O. R. Eckstrand et al. L'objectif du présent volume consiste à définir et à résumer de manière succincte et systématique les caractéristiques essentielles de tous les types de gîtes minéraux d'importance économique au Canada. Cartes. Figures (certaines en couleur). Accompagné de 1 carte pliée. (Geology of North America, vol. P-1) 9 vols. |
| 590 | |a96-33|b1996-08-16 |
| 691 | 07|aGéologie|2gcpds |
| 720 | 1 |aEckstrand, O. R. |
| 776 | 0#|tGéologie des types de gîtes minéraux du Canada |w(CaOODSP)9.819088 |
| 830 | #0|aGéologie du Canada ;|v8|w(CaOODSP)9.513124 |
| 986 | |aGeology of North America, vol. P-1 |